000 00477cam a2200205ua 4500
001 8904
005 20260515114411.0
008 150218n ii |||gr||||Z||||||eng
040 _cMAIN
041 _aeng
082 _a822.33
100 _aSen,
_eEditor.
245 1 _aShakespeare the two gentlemen of verona
_cEdited by Sen
250 _a1st.
260 _aCalcutta:
_bDass,
_c1964.
300 _a412p.
653 _aEnglish drama
700 _aDas,
_eEditor.
942 _cBK
999 _c7991
_d7991